La teoría de las representaciones sociales : su uso en la investigación educativa en México (Record no. 111491)

MARC details
000 -CABECERA
campo de control de longitud fija 00666nab a2200205 a 4500
005 - FECHA Y HORA DE LA ÚLTIMA TRANSACCIÓN
campo de control 20210219155145.0
008 - ELEMENTOS DE LONGITUD FIJA--INFORMACIÓN GENERAL
campo de control de longitud fija 991125s1985 mx 000 0 spa u
035 ## - NÚMERO DE CONTROL DEL SISTEMA
Número de control de sistema UPN01000139343
100 1# - ASIENTO PRINCIPAL--NOMBRE PERSONAL
Nombre de persona Piña Osorio, Juan Manuel
222 #0 - TÍTULO CLAVE
Título clave PERFILES EDUCATIVOS
245 03 - MENCIÓN DE TÍTULO
Título La teoría de las representaciones sociales : su uso en la investigación educativa en México
260 ## - PUBLICACIÓN, DISTRIBUCIÓN, ETC.
Lugar de publicación, distribución, etc. México
300 ## - DESCRIPCIÓN FÍSICA
Extensión 102-124
362 0# - FECHAS DE PUBLICACIÓN Y/O DESIGNACIÓN SECUENCIAL
Fecha de publicación y/o designación secuencial 2004 3a época, vol. 26, nos. 105-106
653 0# - TERMINO DE INDIZACION - NO CONTROLADO
Término no controlado REPRESENTACIONES SOCIALES
653 0# - TERMINO DE INDIZACION - NO CONTROLADO
Término no controlado PENSAMIENTO DE SENTIDO COMUN
653 0# - TERMINO DE INDIZACION - NO CONTROLADO
Término no controlado EDUCACION SUPERIOR
700 1# - ASIENTO SECUNDARIO--NOMBRE DE PERSONAL
Nombre de persona Cuevas Cajiga, Yazmín Margarita,
Término indicativo de función/relación coaut.
905 ## - TIPO DE MATERIAL
Tipo de material Articulo

No items available.